Hacia una nueva gobernanza de los recursos naturales en América Latina y el Caribe

Salvato in:
Dettagli Bibliografici
Autori principali: Altomonte, Hugo (Autore), Sánchez, Ricardo J (Autore)
Natura: Libro
Lingua:spagnolo
Pubblicazione: Santiago CEPAL 2016
Edizione:1a. ed
Soggetti:
Tags: Aggiungi Tag
Nessun Tag, puoi essere il primo ad aggiungerne!!

MARC

LEADER 00000cam a2200000 a 4500
001 UCD4915
003 CL-VaPUC
008 160731e20160000cl |||||||||||||||||spa|d
020 |a 9789213290330 
082 0 4 |a 333.79  |b ALT  |2 21 
100 0 |a Altomonte, Hugo  |e author  |9 588622 
700 0 |a Sánchez, Ricardo J  |e author  |9 588623 
245 1 0 |a Hacia una nueva gobernanza de los recursos naturales en América Latina y el Caribe 
250 |a 1a. ed 
300 |a 251 p 
942 |c BK 
945 |d 20160731 21:25:00  |a dcastane 
260 |a Santiago  |b CEPAL  |c 2016 
650 7 |a RECURSOS RENOVABLES  |2 CL-VaPUC  |9 339698 
650 0 |a Recursos naturales  |9 255232 
650 0 |a Desarrollo económico y social   |9 256320 
583 |a last modification  |c 20160731 21:25:00  |k Rodrigo Vera 
999 |c 365705  |d 365703 
952 |0 0  |1 0  |3 erb  |4 0  |6 333_790000000000000_ALT_2016  |7 0  |8 A  |9 479634  |a BIBING  |b BIBING  |i 5299691  |o 333.79 ALT 2016  |p 5299691  |r 2025-01-20  |w 2019-11-24  |y BK  |z Catalogado en:20160731  |k GEO